000 00404nam a2200157Ia 4500
003 GCL
008 140319s9999 xx 000 0 eng d
040 _aGCL /
_cGCL
082 0 4 _aCC
_b050.941
_bI A \\=aIFAOv
245 1 0 _aANNALES ISLAMOLOGIQUES: ANNUAL, TOME 19.1983
260 _a[S.N] :
_bI.F.A.O
300 _a138 P P
650 0 4 _aPERIODICALS
650 0 4 _aISLAM - CIVILIZATION
942 _2ddc
_cBK
999 _c17736
_d17736